International encyclopedia of information and library science / (Record no. 14988)
[ view plain ]
| 000 -LEADER | |
|---|---|
| fixed length control field | 00883nam a22002532 4500 |
| 001 - CONTROL NUMBER | |
| control field | 0000005386 |
| 005 - DATE AND TIME OF LATEST TRANSACTION | |
| control field | 20151217161135.0 |
| 008 - FIXED-LENGTH DATA ELEMENTS--GENERAL INFORMATION | |
| fixed length control field | 070612s xx 000 0 eng d |
| 020 ## - INTERNATIONAL STANDARD BOOK NUMBER | |
| International Standard Book Number | 0415259010 : |
| Terms of availability | GBP 170.00 |
| 040 ## - CATALOGING SOURCE | |
| Original cataloging agency | KABU |
| Transcribing agency | KABU |
| 050 #0 - LIBRARY OF CONGRESS CALL NUMBER | |
| Classification number | Z1006 |
| Item number | .I57 2003 |
| 245 10 - TITLE STATEMENT | |
| Title | International encyclopedia of information and library science / |
| Statement of responsibility, etc. | edited by John Feather and Paul Sturges. |
| 250 ## - EDITION STATEMENT | |
| Edition statement | 2nd ed. |
| 260 ## - PUBLICATION, DISTRIBUTION, ETC. (IMPRINT) | |
| Place of publication, distribution, etc. | London ; |
| -- | New York : |
| Name of publisher, distributor, etc. | Routledge, |
| Date of publication, distribution, etc. | 2003. |
| 300 ## - PHYSICAL DESCRIPTION | |
| Extent | xxxii, 688 p. ; |
| Dimensions | 26 cm. |
| 504 ## - BIBLIOGRAPHY, ETC. NOTE | |
| Bibliography, etc | Includes bibliographical references and index. |
| 650 #0 - SUBJECT ADDED ENTRY--TOPICAL TERM | |
| Topical term or geographic name as entry element | Information science |
| Form subdivision | Encyclopedias. |
| -- | 0000156675 |
| 650 #0 - SUBJECT ADDED ENTRY--TOPICAL TERM | |
| Topical term or geographic name as entry element | Library science |
| Form subdivision | Encyclopedias. |
| -- | 0000156676 |
| 700 1# - ADDED ENTRY--PERSONAL NAME | |
| Personal name | Feather, John. |
| -- | 0000156677 |
| 700 1# - ADDED ENTRY--PERSONAL NAME | |
| Personal name | Sturges, Paul. |
| -- | 0000156678 |
| 908 ## - PUT COMMAND PARAMETER (RLIN) | |
| Put command parameter | 070612 |
| 950 ## - LOCAL HOLDINGS (RLIN) | |
| -- | 1 |
| Withdrawn status | Lost status | Source of classification or shelving scheme | Not for loan | Home library | Current library | Date acquired | Total Checkouts | Full call number | Barcode | Date last seen | Price effective from | Koha item type |
|---|---|---|---|---|---|---|---|---|---|---|---|---|
| Library of Congress Classification | Not For Loan | Kabarak, Main Campus | Kabarak, Main Campus | 17/12/2015 | Z1006 .I57 2003 | 012690 | 17/12/2015 | 17/12/2015 | Reference |